[Event "Deutsche Ländermeisterschaft 2021"]
[Site "Neumünster GER"]
[Date "2021.10.06"]
[Round "7"]
[White "Costa, Leonardo"]
[Black "Krastev, Alexander"]
[Result "1/2-1/2"]
[Termination "normal"]
[Board "1.1"]
[WhiteTitle "FM"]
[BlackTitle "FM"]
[WhiteElo "2336"]
[BlackElo "2393"]
[WhiteClock "00:30:41"]
[BlackClock "00:04:59"]
[WhiteTeam "Bayern"]
[BlackTeam "Nordrhein-Westfalen"]
[PlyCount "84"]
[WhiteFideId "16213955"]
[BlackFideId "12989983"]
[EventCountry "GER"]
[EventRounds "7"]
[EventType "team-swiss"]
[EventDate "2021.10.01"]

1. e4 {[%clk 1:30:58]} g6 {[%clk 1:30:29]} 2. d4 {[%clk 1:31:18]} Bg7 {[%clk
1:30:54]} 3. Nf3 {[%clk 1:31:09]} c5 {[%clk 1:24:30]} 4. c4 {[%clk 1:24:38]}
Qa5+ {[%clk 1:10:59]} 5. Nc3 {[%clk 1:19:23]} Nc6 {[%clk 1:04:18]} 6. Be3
{[%clk 1:09:45]} Nf6 {[%clk 0:58:35]} 7. Qd2 {[%clk 1:01:09]} cxd4 {[%clk
0:40:50]} 8. Nxd4 {[%clk 1:00:41]} Nxd4 {[%clk 0:40:30]} 9. Qxd4 {[%clk
0:59:55]} d6 {[%clk 0:37:03]} 10. Be2 {[%clk 0:52:56]} O-O {[%clk 0:33:29]} 11.
Qd2 {[%clk 0:53:23]} Be6 {[%clk 0:33:53]} 12. f3 {[%clk 0:49:30]} Rfc8 {[%clk
0:24:23]} 13. Nd5 {[%clk 0:49:38]} Qxd2+ {[%clk 0:24:19]} 14. Kxd2 {[%clk
0:49:56]} Nxd5 {[%clk 0:24:39]} 15. cxd5 {[%clk 0:49:24]} Bd7 {[%clk 0:25:05]}
16. Rab1 {[%clk 0:47:55]} f5 {[%clk 0:19:41]} 17. Rhc1 {[%clk 0:42:27]} fxe4
{[%clk 0:19:09]} 18. fxe4 {[%clk 0:42:40]} a6 {[%clk 0:19:32]} 19. b3 {[%clk
0:40:22]} Be5 {[%clk 0:19:23]} 20. g3 {[%clk 0:38:10]} Kg7 {[%clk 0:18:46]} 21.
a4 {[%clk 0:32:34]} Rxc1 {[%clk 0:13:25]} 22. Rxc1 {[%clk 0:32:56]} Rc8 {[%clk
0:13:51]} 23. Rxc8 {[%clk 0:32:28]} Bxc8 {[%clk 0:14:20]} 24. Bg5 {[%clk
0:26:10]} Bf6 {[%clk 0:13:20]} 25. Be3 {[%clk 0:23:34]} Bh3 {[%clk 0:11:48]}
26. Kd3 {[%clk 0:19:04]} Kf7 {[%clk 0:09:27]} 27. a5 {[%clk 0:17:08]} Bd7
{[%clk 0:07:31]} 28. Bf3 {[%clk 0:16:39]} Bb5+ {[%clk 0:06:12]} 29. Kd2 {[%clk
0:16:56]} Bd7 {[%clk 0:06:16]} 30. Kd3 {[%clk 0:15:13]} Bb2 {[%clk 0:05:55]}
31. Bf4 {[%clk 0:13:57]} h5 {[%clk 0:03:42]} 32. h4 {[%clk 0:12:58]} Ke8 {[%clk
0:03:25]} 33. b4 {[%clk 0:11:40]} Bh3 {[%clk 0:02:46]} 34. Bg5 {[%clk 0:06:07]}
Bg7 {[%clk 0:02:37]} 35. Be3 {[%clk 0:05:32]} Be5 {[%clk 0:01:57]} 36. Bf4
{[%clk 0:05:57]} Bb2 {[%clk 0:02:11]} 37. Bg5 {[%clk 0:06:14]} Kd7 {[%clk
0:02:14]} 38. Kd2 {[%clk 0:06:06]} Bd4 {[%clk 0:01:04]} 39. Be3 {[%clk
0:05:54]} Bg7 {[%clk 0:00:38]} 40. Bg5 {[%clk 0:05:08]} Bh8 {[%clk 0:00:43]}
41. Bh1 {[%clk 0:00:46]} Bg4 {[%clk 0:28:40]} 42. Bg2 {[%clk 0:30:41]} Be5
{[%clk 0:04:59]} 1/2-1/2

[Event "Deutsche Ländermeisterschaft 2021"]
[Site "Neumünster GER"]
[Date "2021.10.06"]
[Round "7"]
[White "Gutkin, Ilya"]
[Black "Vuckovic, Zarko"]
[Result "0-1"]
[Termination "normal"]
[Board "1.2"]
[WhiteTitle "FM"]
[WhiteElo "2300"]
[BlackElo "2272"]
[WhiteClock "00:01:37"]
[BlackClock "00:47:34"]
[WhiteTeam "Nordrhein-Westfalen"]
[BlackTeam "Bayern"]
[PlyCount "160"]
[WhiteFideId "16203470"]
[BlackFideId "12952087"]
[EventCountry "GER"]
[EventRounds "7"]
[EventType "team-swiss"]
[EventDate "2021.10.01"]

1. Nf3 {[%clk 1:30:50]} d5 {[%clk 1:30:54]} 2. g3 {[%clk 1:31:14]} Nd7 {[%clk
1:31:20]} 3. d4 {[%clk 1:28:04]} Ngf6 {[%clk 1:31:22]} 4. Bg2 {[%clk 1:28:15]}
b5 {[%clk 1:31:26]} 5. a4 {[%clk 1:23:45]} b4 {[%clk 1:31:43]} 6. c4 {[%clk
1:24:09]} bxc3 {[%clk 1:32:06]} 7. Nxc3 {[%clk 1:24:32]} e6 {[%clk 1:31:53]} 8.
O-O {[%clk 1:20:04]} Be7 {[%clk 1:29:16]} 9. Qc2 {[%clk 1:13:54]} O-O {[%clk
1:23:43]} 10. Rb1 {[%clk 1:01:08]} c5 {[%clk 1:19:21]} 11. e4 {[%clk 0:52:13]}
Bb7 {[%clk 1:19:30]} 12. exd5 {[%clk 0:45:46]} Nxd5 {[%clk 1:16:04]} 13. Rd1
{[%clk 0:39:54]} Rc8 {[%clk 1:09:14]} 14. Qe2 {[%clk 0:36:14]} Qb6 {[%clk
0:51:48]} 15. Be3 {[%clk 0:19:34]} Nxe3 {[%clk 0:51:42]} 16. Qxe3 {[%clk
0:19:52]} cxd4 {[%clk 0:37:38]} 17. Qxd4 {[%clk 0:20:16]} Rfd8 {[%clk 0:37:47]}
18. Qxb6 {[%clk 0:18:38]} Nxb6 {[%clk 0:37:26]} 19. Ne5 {[%clk 0:18:48]} Bxg2
{[%clk 0:32:36]} 20. Kxg2 {[%clk 0:19:11]} Bf6 {[%clk 0:32:58]} 21. Rxd8+
{[%clk 0:18:34]} Rxd8 {[%clk 0:29:39]} 22. Nc6 {[%clk 0:18:48]} Rd7 {[%clk
0:30:01]} 23. Ne4 {[%clk 0:13:58]} Rc7 {[%clk 0:28:27]} 24. Nxf6+ {[%clk
0:12:09]} gxf6 {[%clk 0:28:14]} 25. Rc1 {[%clk 0:09:34]} Nxa4 {[%clk 0:28:13]}
26. Ra1 {[%clk 0:09:11]} Nxb2 {[%clk 0:25:57]} 27. Nxa7 {[%clk 0:09:31]} Rc5
{[%clk 0:26:17]} 28. Ra2 {[%clk 0:06:11]} Nd1 {[%clk 0:25:39]} 29. Rd2 {[%clk
0:05:27]} Nc3 {[%clk 0:26:03]} 30. Rd8+ {[%clk 0:05:31]} Kg7 {[%clk 0:26:28]}
31. Rc8 {[%clk 0:05:56]} Rxc8 {[%clk 0:26:35]} 32. Nxc8 {[%clk 0:06:20]} Nd5
{[%clk 0:26:36]} 33. Nd6 {[%clk 0:06:37]} f5 {[%clk 0:26:25]} 34. h3 {[%clk
0:05:27]} Kf6 {[%clk 0:26:36]} 35. f4 {[%clk 0:04:35]} Ke7 {[%clk 0:25:14]} 36.
Nc4 {[%clk 0:05:01]} Nb4 {[%clk 0:24:55]} 37. Kf3 {[%clk 0:04:39]} f6 {[%clk
0:20:32]} 38. g4 {[%clk 0:03:07]} Nc6 {[%clk 0:19:41]} 39. Ke3 {[%clk 0:02:44]}
fxg4 {[%clk 0:19:32]} 40. hxg4 {[%clk 0:03:09]} Kf7 {[%clk 0:19:57]} 41. Nd6+
{[%clk 0:24:48]} Kg6 {[%clk 0:49:15]} 42. Kf3 {[%clk 0:24:32]} Ne7 {[%clk
0:47:47]} 43. Nc4 {[%clk 0:22:56]} f5 {[%clk 0:47:55]} 44. Ne5+ {[%clk
0:22:40]} Kf6 {[%clk 0:48:19]} 45. Nd7+ {[%clk 0:14:31]} Kg7 {[%clk 0:48:40]}
46. g5 {[%clk 0:11:34]} Ng6 {[%clk 0:44:35]} 47. Kg3 {[%clk 0:11:40]} Kf7
{[%clk 0:44:37]} 48. Kf3 {[%clk 0:11:20]} Nf8 {[%clk 0:44:10]} 49. Ne5+ {[%clk
0:07:23]} Ke7 {[%clk 0:44:32]} 50. Nc4 {[%clk 0:06:27]} Ng6 {[%clk 0:44:57]}
51. Nb6 {[%clk 0:05:41]} Kd6 {[%clk 0:45:17]} 52. Ke3 {[%clk 0:05:14]} Kc6
{[%clk 0:45:10]} 53. Nc4 {[%clk 0:04:13]} Kc5 {[%clk 0:45:32]} 54. Nb2 {[%clk
0:04:14]} Kd5 {[%clk 0:45:03]} 55. Nd3 {[%clk 0:04:09]} Kd6 {[%clk 0:45:32]}
56. Kf3 {[%clk 0:03:09]} e5 {[%clk 0:45:39]} 57. fxe5+ {[%clk 0:02:46]} Ke6
{[%clk 0:41:06]} 58. Ke3 {[%clk 0:02:59]} Kd5 {[%clk 0:41:32]} 59. e6 {[%clk
0:02:06]} Kxe6 {[%clk 0:41:50]} 60. Kd4 {[%clk 0:02:11]} Kd6 {[%clk 0:41:52]}
61. Nf2 {[%clk 0:01:09]} Nf8 {[%clk 0:42:03]} 62. Ke3 {[%clk 0:00:46]} Ne6
{[%clk 0:42:25]} 63. Nd3 {[%clk 0:00:46]} Ke7 {[%clk 0:42:32]} 64. Ne5 {[%clk
0:01:04]} Nxg5 {[%clk 0:42:44]} 65. Kf4 {[%clk 0:01:21]} Ke6 {[%clk 0:43:09]}
66. Nc6 {[%clk 0:01:30]} Kf6 {[%clk 0:43:34]} 67. Nb4 {[%clk 0:00:59]} Ne6+
{[%clk 0:43:57]} 68. Kf3 {[%clk 0:01:18]} f4 {[%clk 0:43:45]} 69. Kg4 {[%clk
0:01:02]} Ke5 {[%clk 0:43:50]} 70. Nd3+ {[%clk 0:00:35]} Ke4 {[%clk 0:44:13]}
71. Nf2+ {[%clk 0:00:49]} Ke3 {[%clk 0:44:37]} 72. Nd1+ {[%clk 0:00:44]} Kd2
{[%clk 0:44:48]} 73. Nf2 {[%clk 0:00:59]} Ke2 {[%clk 0:45:13]} 74. Nh3 {[%clk
0:01:18]} Ke3 {[%clk 0:45:35]} 75. Kf5 {[%clk 0:00:42]} Nd4+ {[%clk 0:45:58]}
76. Kg5 {[%clk 0:00:46]} f3 {[%clk 0:46:23]} 77. Kg4 {[%clk 0:00:35]} f2 {[%clk
0:46:44]} 78. Nxf2 {[%clk 0:00:57]} Kxf2 {[%clk 0:47:09]} 79. Kg5 {[%clk
0:01:18]} Ne6+ {[%clk 0:47:34]} 80. Kh6 {[%clk 0:01:37]} Nf8 0-1

[Event "Deutsche Ländermeisterschaft 2021"]
[Site "Neumünster GER"]
[Date "2021.10.06"]
[Round "7"]
[White "Kolb, Tobias"]
[Black "Runte, Moritz"]
[Result "1-0"]
[Termination "normal"]
[Board "1.3"]
[WhiteTitle "FM"]
[WhiteElo "2311"]
[BlackElo "2151"]
[WhiteClock "00:08:55"]
[BlackClock "00:01:45"]
[WhiteTeam "Bayern"]
[BlackTeam "Nordrhein-Westfalen"]
[PlyCount "57"]
[WhiteFideId "12992321"]
[BlackFideId "12991449"]
[EventCountry "GER"]
[EventRounds "7"]
[EventType "team-swiss"]
[EventDate "2021.10.01"]

1. d4 {[%clk 1:30:59]} d5 {[%clk 1:30:49]} 2. c4 {[%clk 1:31:26]} c6 {[%clk
1:31:06]} 3. cxd5 {[%clk 1:31:52]} cxd5 {[%clk 1:31:25]} 4. Bf4 {[%clk
1:32:21]} Nf6 {[%clk 1:30:57]} 5. e3 {[%clk 1:32:34]} Nc6 {[%clk 1:30:50]} 6.
Nc3 {[%clk 1:33:01]} a6 {[%clk 1:30:42]} 7. Bd3 {[%clk 1:33:26]} Bg4 {[%clk
1:29:38]} 8. Nge2 {[%clk 1:33:51]} e6 {[%clk 1:20:47]} 9. O-O {[%clk 1:34:12]}
Be7 {[%clk 1:20:38]} 10. Rc1 {[%clk 1:34:21]} O-O {[%clk 1:15:34]} 11. Na4
{[%clk 1:34:42]} Nd7 {[%clk 1:02:00]} 12. a3 {[%clk 1:32:55]} Bf6 {[%clk
0:49:51]} 13. Bd6 {[%clk 1:08:57]} Re8 {[%clk 0:43:23]} 14. Qb3 {[%clk
1:01:29]} Ra7 {[%clk 0:31:06]} 15. Nf4 {[%clk 0:52:14]} g6 {[%clk 0:27:33]} 16.
h3 {[%clk 0:35:23]} Bf5 {[%clk 0:25:55]} 17. Bxf5 {[%clk 0:35:00]} gxf5 {[%clk
0:26:18]} 18. Qc2 {[%clk 0:26:51]} Ra8 {[%clk 0:21:25]} 19. b4 {[%clk 0:24:03]}
Nb6 {[%clk 0:16:39]} 20. Nxb6 {[%clk 0:24:05]} Qxb6 {[%clk 0:16:44]} 21. Nh5
{[%clk 0:22:47]} Bd8 {[%clk 0:14:49]} 22. Qd3 {[%clk 0:15:40]} Qb5 {[%clk
0:06:41]} 23. Qd2 {[%clk 0:15:25]} Qb6 {[%clk 0:03:53]} 24. Rfd1 {[%clk
0:08:49]} Kh8 {[%clk 0:02:09]} 25. e4 {[%clk 0:09:02]} Rg8 {[%clk 0:01:48]} 26.
exd5 {[%clk 0:08:46]} exd5 {[%clk 0:01:56]} 27. Qh6 {[%clk 0:08:34]} Rg6 {[%clk
0:01:19]} 28. Qf8+ {[%clk 0:08:33]} Rg8 {[%clk 0:01:45]} 29. Qxf7 {[%clk
0:08:55]} 1-0

[Event "Deutsche Ländermeisterschaft 2021"]
[Site "Neumünster GER"]
[Date "2021.10.06"]
[Round "7"]
[White "Bashylina, Luisa"]
[Black "Schneider, Jana"]
[Result "0-1"]
[Termination "normal"]
[Board "1.4"]
[WhiteTitle "WCM"]
[BlackTitle "FM"]
[WhiteElo "2000"]
[BlackElo "2283"]
[WhiteClock "00:19:57"]
[BlackClock "00:11:56"]
[WhiteTeam "Nordrhein-Westfalen"]
[BlackTeam "Bayern"]
[PlyCount "66"]
[WhiteFideId "12983292"]
[BlackFideId "12924997"]
[EventCountry "GER"]
[EventRounds "7"]
[EventType "team-swiss"]
[EventDate "2021.10.01"]

1. d4 {[%clk 1:30:57]} d5 {[%clk 1:30:51]} 2. c4 {[%clk 1:31:23]} e6 {[%clk
1:31:16]} 3. Nc3 {[%clk 1:31:47]} Bb4 {[%clk 1:31:38]} 4. e3 {[%clk 1:31:24]}
Nf6 {[%clk 1:31:35]} 5. Bd2 {[%clk 1:31:09]} O-O {[%clk 1:31:24]} 6. Nf3 {[%clk
1:31:16]} b6 {[%clk 1:30:03]} 7. cxd5 {[%clk 1:31:30]} exd5 {[%clk 1:26:40]} 8.
Bd3 {[%clk 1:31:46]} Ba6 {[%clk 1:11:59]} 9. Bxa6 {[%clk 1:30:45]} Nxa6 {[%clk
1:12:15]} 10. O-O {[%clk 1:29:58]} c5 {[%clk 0:50:20]} 11. Qa4 {[%clk 1:17:40]}
Nc7 {[%clk 0:49:06]} 12. dxc5 {[%clk 1:11:02]} bxc5 {[%clk 0:48:23]} 13. a3
{[%clk 1:10:30]} Bxc3 {[%clk 0:47:39]} 14. Bxc3 {[%clk 1:10:45]} Qd7 {[%clk
0:41:16]} 15. Qa5 {[%clk 1:05:08]} Ne4 {[%clk 0:40:53]} 16. Be5 {[%clk
0:58:14]} Ne6 {[%clk 0:40:02]} 17. b4 {[%clk 0:46:04]} d4 {[%clk 0:35:22]} 18.
exd4 {[%clk 0:41:50]} cxd4 {[%clk 0:27:46]} 19. Rfd1 {[%clk 0:37:43]} Nc3
{[%clk 0:25:02]} 20. Rd2 {[%clk 0:37:01]} Rad8 {[%clk 0:15:56]} 21. Bxd4 {[%clk
0:28:56]} Nxd4 {[%clk 0:16:16]} 22. Nxd4 {[%clk 0:29:14]} Qg4 {[%clk 0:16:24]}
23. Nf3 {[%clk 0:28:14]} Rxd2 {[%clk 0:16:34]} 24. Nxd2 {[%clk 0:28:37]} Ne2+
{[%clk 0:14:27]} 25. Kh1 {[%clk 0:26:22]} Nf4 {[%clk 0:13:10]} 26. g3 {[%clk
0:24:27]} Nd3 {[%clk 0:12:47]} 27. Qxa7 {[%clk 0:21:57]} Qe2 {[%clk 0:12:51]}
28. Rf1 {[%clk 0:19:11]} Qxd2 {[%clk 0:13:04]} 29. b5 {[%clk 0:19:28]} Qe2
{[%clk 0:12:06]} 30. Kg2 {[%clk 0:19:02]} Ne1+ {[%clk 0:12:00]} 31. Kg1 {[%clk
0:19:11]} Nf3+ {[%clk 0:12:05]} 32. Kg2 {[%clk 0:19:34]} Ne1+ {[%clk 0:11:31]}
33. Kg1 {[%clk 0:19:57]} Qe4 {[%clk 0:11:56]} 0-1

[Event "Deutsche Ländermeisterschaft 2021"]
[Site "Neumünster GER"]
[Date "2021.10.06"]
[Round "7"]
[White "Butenandt, Svenja"]
[Black "Müdder, Melanie"]
[Result "1-0"]
[Termination "normal"]
[Board "1.5"]
[WhiteElo "2009"]
[BlackElo "1949"]
[WhiteClock "00:11:47"]
[BlackClock "00:01:12"]
[WhiteTeam "Bayern"]
[BlackTeam "Nordrhein-Westfalen"]
[PlyCount "63"]
[WhiteFideId "12993859"]
[BlackFideId "12994103"]
[EventCountry "GER"]
[EventRounds "7"]
[EventType "team-swiss"]
[EventDate "2021.10.01"]

1. d4 {[%clk 1:30:58]} Nf6 {[%clk 1:30:50]} 2. c4 {[%clk 1:31:24]} g6 {[%clk
1:31:10]} 3. Nc3 {[%clk 1:31:49]} d5 {[%clk 1:31:33]} 4. cxd5 {[%clk 1:32:16]}
Nxd5 {[%clk 1:31:51]} 5. e4 {[%clk 1:32:40]} Nxc3 {[%clk 1:32:01]} 6. bxc3
{[%clk 1:33:05]} Bg7 {[%clk 1:32:22]} 7. Nf3 {[%clk 1:33:30]} c5 {[%clk
1:31:36]} 8. Be3 {[%clk 1:33:52]} Qa5 {[%clk 1:29:58]} 9. Nd2 {[%clk 1:33:40]}
O-O {[%clk 1:28:27]} 10. Be2 {[%clk 1:26:25]} Qxc3 {[%clk 1:25:05]} 11. Rc1
{[%clk 1:26:25]} Qb4 {[%clk 1:24:28]} 12. Rxc5 {[%clk 1:24:47]} Nc6 {[%clk
1:23:53]} 13. d5 {[%clk 1:21:48]} Nd4 {[%clk 1:07:24]} 14. Rc4 {[%clk 1:20:35]}
Qb2 {[%clk 1:07:19]} 15. Bd3 {[%clk 1:15:38]} Nb5 {[%clk 0:48:48]} 16. O-O
{[%clk 1:10:01]} Bd7 {[%clk 0:43:53]} 17. Rc2 {[%clk 1:03:43]} Qa3 {[%clk
0:40:18]} 18. Nb3 {[%clk 1:00:20]} Nc3 {[%clk 0:33:24]} 19. Qd2 {[%clk
0:58:48]} Rac8 {[%clk 0:31:13]} 20. Rfc1 {[%clk 0:57:06]} Qb4 {[%clk 0:22:55]}
21. f3 {[%clk 0:46:30]} a5 {[%clk 0:20:09]} 22. Bf1 {[%clk 0:34:52]} Ba4 {[%clk
0:15:17]} 23. Bf2 {[%clk 0:29:05]} Rc7 {[%clk 0:11:53]} 24. Bg3 {[%clk
0:23:25]} Bxb3 {[%clk 0:08:05]} 25. axb3 {[%clk 0:23:44]} Rc5 {[%clk 0:08:08]}
26. d6 {[%clk 0:20:49]} Rc6 {[%clk 0:03:02]} 27. dxe7 {[%clk 0:12:11]} Qxe7
{[%clk 0:02:55]} 28. Rxc3 {[%clk 0:11:17]} Rd8 {[%clk 0:01:47]} 29. Rd3 {[%clk
0:11:28]} Rxd3 {[%clk 0:00:59]} 30. Bxd3 {[%clk 0:11:52]} Qb4 {[%clk 0:00:48]}
31. Qxb4 {[%clk 0:11:21]} Rxc1+ {[%clk 0:01:12]} 32. Qe1 {[%clk 0:11:47]} 1-0

[Event "Deutsche Ländermeisterschaft 2021"]
[Site "Neumünster GER"]
[Date "2021.10.06"]
[Round "7"]
[White "Huber, Benedikt"]
[Black "Trunz, Michelle"]
[Result "0-1"]
[Termination "normal"]
[Board "1.7"]
[WhiteElo "1722"]
[BlackElo "1722"]
[WhiteClock "00:01:05"]
[BlackClock "00:33:52"]
[WhiteTeam "Bayern"]
[BlackTeam "Nordrhein-Westfalen"]
[PlyCount "74"]
[WhiteFideId "16281225"]
[BlackFideId "16227980"]
[EventCountry "GER"]
[EventRounds "7"]
[EventType "team-swiss"]
[EventDate "2021.10.01"]

1. e4 {[%clk 1:30:49]} c5 {[%clk 1:30:51]} 2. Nc3 {[%clk 1:31:15]} d6 {[%clk
1:30:58]} 3. Nge2 {[%clk 1:31:40]} e6 {[%clk 1:29:01]} 4. d4 {[%clk 1:29:55]}
cxd4 {[%clk 1:29:17]} 5. Nxd4 {[%clk 1:30:18]} Be7 {[%clk 1:28:20]} 6. Be3
{[%clk 1:28:48]} a6 {[%clk 1:27:29]} 7. Be2 {[%clk 1:27:28]} b5 {[%clk
1:26:24]} 8. O-O {[%clk 1:19:20]} Bb7 {[%clk 1:26:31]} 9. a3 {[%clk 1:12:58]}
Nd7 {[%clk 1:25:27]} 10. f4 {[%clk 1:05:27]} Ngf6 {[%clk 1:24:37]} 11. Bf3
{[%clk 1:05:01]} Qc7 {[%clk 1:24:37]} 12. Re1 {[%clk 0:54:05]} Nb6 {[%clk
1:22:08]} 13. Bf2 {[%clk 0:49:00]} O-O {[%clk 1:20:06]} 14. f5 {[%clk 0:43:52]}
e5 {[%clk 1:17:45]} 15. Nb3 {[%clk 0:40:08]} Nc4 {[%clk 1:16:26]} 16. Rb1
{[%clk 0:40:09]} Nxa3 {[%clk 1:10:27]} 17. bxa3 {[%clk 0:37:35]} Qxc3 {[%clk
1:10:32]} 18. g4 {[%clk 0:34:55]} Nd7 {[%clk 1:07:06]} 19. h4 {[%clk 0:30:52]}
g6 {[%clk 1:04:24]} 20. g5 {[%clk 0:29:11]} gxf5 {[%clk 1:04:13]} 21. Re3
{[%clk 0:29:15]} Qc7 {[%clk 1:01:35]} 22. exf5 {[%clk 0:27:42]} f6 {[%clk
1:00:39]} 23. g6 {[%clk 0:25:40]} hxg6 {[%clk 0:58:16]} 24. Bxb7 {[%clk
0:24:09]} Qxb7 {[%clk 0:58:07]} 25. fxg6 {[%clk 0:24:00]} Kg7 {[%clk 0:56:15]}
26. h5 {[%clk 0:21:31]} Rh8 {[%clk 0:53:29]} 27. Rh3 {[%clk 0:16:08]} f5 {[%clk
0:52:19]} 28. Be3 {[%clk 0:12:47]} f4 {[%clk 0:50:52]} 29. Qg4 {[%clk 0:09:27]}
Nf6 {[%clk 0:47:27]} 30. Qe6 {[%clk 0:08:00]} Bd8 {[%clk 0:40:59]} 31. Bxf4
{[%clk 0:01:29]} exf4 {[%clk 0:40:34]} 32. Nd4 {[%clk 0:01:54]} Bb6 {[%clk
0:40:00]} 33. c3 {[%clk 0:00:41]} Bxd4+ {[%clk 0:37:48]} 34. cxd4 {[%clk
0:01:09]} Qd7 {[%clk 0:37:01]} 35. Qb3 {[%clk 0:01:09]} d5 {[%clk 0:34:11]} 36.
Kf2 {[%clk 0:00:56]} Ne4+ {[%clk 0:34:14]} 37. Ke1 {[%clk 0:01:05]} Rae8 {[%clk
0:33:52]} 0-1

[Event "Deutsche Ländermeisterschaft 2021"]
[Site "Neumünster GER"]
[Date "2021.10.06"]
[Round "7"]
[White "Trunz, Tamila"]
[Black "Bauer, Laura Sophie"]
[Result "1-0"]
[Termination "normal"]
[Board "1.8"]
[WhiteElo "1298"]
[BlackElo "1357"]
[WhiteClock "00:31:19"]
[BlackClock "00:33:12"]
[WhiteTeam "Nordrhein-Westfalen"]
[BlackTeam "Bayern"]
[PlyCount "47"]
[WhiteFideId "16267885"]
[BlackFideId "16253647"]
[EventCountry "GER"]
[EventRounds "7"]
[EventType "team-swiss"]
[EventDate "2021.10.01"]

1. e4 {[%clk 1:30:57]} c5 {[%clk 1:30:55]} 2. Nf3 {[%clk 1:31:17]} Nc6 {[%clk
1:31:19]} 3. d4 {[%clk 1:31:36]} cxd4 {[%clk 1:31:44]} 4. Nxd4 {[%clk 1:31:59]}
g6 {[%clk 1:32:06]} 5. Nc3 {[%clk 1:32:05]} Bg7 {[%clk 1:32:30]} 6. Be3 {[%clk
1:32:06]} Nf6 {[%clk 1:32:32]} 7. Nxc6 {[%clk 1:31:50]} bxc6 {[%clk 1:32:54]}
8. e5 {[%clk 1:31:56]} Ng8 {[%clk 1:33:07]} 9. Bd4 {[%clk 1:31:35]} Nh6 {[%clk
1:32:06]} 10. e6 {[%clk 1:24:15]} f6 {[%clk 1:30:44]} 11. exd7+ {[%clk
1:22:52]} Bxd7 {[%clk 1:28:45]} 12. Bc4 {[%clk 1:22:22]} Nf5 {[%clk 1:24:05]}
13. Bc5 {[%clk 1:20:54]} Qc7 {[%clk 1:14:42]} 14. O-O {[%clk 1:17:51]} Qf4
{[%clk 1:06:39]} 15. Bb3 {[%clk 1:13:52]} e5 {[%clk 0:56:18]} 16. Qd3 {[%clk
1:09:43]} Nd4 {[%clk 0:51:48]} 17. Rfe1 {[%clk 0:57:37]} Nxb3 {[%clk 0:48:21]}
18. axb3 {[%clk 0:56:12]} Bf8 {[%clk 0:43:39]} 19. Bxa7 {[%clk 0:47:18]} Be7
{[%clk 0:40:06]} 20. Be3 {[%clk 0:46:00]} Rxa1 {[%clk 0:40:08]} 21. Rxa1 {[%clk
0:46:22]} Qb4 {[%clk 0:38:04]} 22. Ne4 Qb5 {[%clk 0:32:59]} 23. Ra8+ {[%clk
0:31:19]} Bd8 {[%clk 0:33:12]} 24. Nd6+ 1-0

[Event "Deutsche Ländermeisterschaft 2021"]
[Site "Neumünster GER"]
[Date "2021.10.06"]
[Round "7"]
[White "Farokhi, Keyvan"]
[Black "Reuker, Jari"]
[Result "1-0"]
[Termination "normal"]
[Board "2.1"]
[WhiteElo "2238"]
[BlackElo "2404"]
[WhiteClock "00:06:35"]
[BlackClock "00:02:11"]
[WhiteTeam "Schleswig-Holstein"]
[BlackTeam "SG Bremen / Niedersachsen"]
[PlyCount "71"]
[WhiteFideId "12998630"]
[BlackFideId "12909300"]
[EventCountry "GER"]
[EventRounds "7"]
[EventType "team-swiss"]
[EventDate "2021.10.01"]

1. e4 {[%clk 1:30:47]} e5 {[%clk 1:30:24]} 2. Nf3 {[%clk 1:30:44]} Nc6 {[%clk
1:30:49]} 3. Bb5 {[%clk 1:30:44]} a6 {[%clk 1:30:41]} 4. Ba4 {[%clk 1:31:07]}
Nf6 {[%clk 1:30:59]} 5. O-O {[%clk 1:31:25]} b5 {[%clk 1:31:01]} 6. Bb3 {[%clk
1:31:45]} Bc5 {[%clk 1:31:26]} 7. Nxe5 {[%clk 1:30:46]} Nxe5 {[%clk 1:31:42]}
8. d4 {[%clk 1:31:11]} Bxd4 {[%clk 1:32:06]} 9. Qxd4 {[%clk 1:31:37]} d6 {[%clk
1:32:29]} 10. a4 {[%clk 1:19:30]} c5 {[%clk 1:27:32]} 11. Qe3 {[%clk 1:18:51]}
O-O {[%clk 1:14:56]} 12. c3 {[%clk 0:57:28]} Bb7 {[%clk 1:00:49]} 13. axb5
{[%clk 0:51:59]} Bxe4 {[%clk 0:51:33]} 14. bxa6 {[%clk 0:48:02]} Qb6 {[%clk
0:46:12]} 15. Nd2 {[%clk 0:46:28]} Bd3 {[%clk 0:44:20]} 16. Rd1 {[%clk
0:40:30]} Rfe8 {[%clk 0:42:38]} 17. h3 {[%clk 0:29:38]} Bxa6 {[%clk 0:37:35]}
18. Bc2 {[%clk 0:24:22]} Rad8 {[%clk 0:33:11]} 19. Ne4 {[%clk 0:18:59]} Nxe4
{[%clk 0:29:16]} 20. Qxe4 {[%clk 0:19:22]} Ng6 {[%clk 0:28:44]} 21. Qa4 {[%clk
0:17:22]} Be2 {[%clk 0:25:26]} 22. Re1 {[%clk 0:15:45]} Bb5 {[%clk 0:24:52]}
23. Rxe8+ {[%clk 0:16:08]} Rxe8 {[%clk 0:25:18]} 24. Qg4 {[%clk 0:15:57]} Re1+
{[%clk 0:23:02]} 25. Kh2 {[%clk 0:16:20]} Qb8 {[%clk 0:22:37]} 26. Bxg6 {[%clk
0:09:15]} hxg6 {[%clk 0:22:47]} 27. Qf3 {[%clk 0:09:36]} Be8 {[%clk 0:11:04]}
28. Ra8 {[%clk 0:09:10]} Qb5 {[%clk 0:09:59]} 29. Be3 {[%clk 0:08:45]} Kf8
{[%clk 0:08:15]} 30. Qd5 {[%clk 0:08:40]} Qb6 {[%clk 0:06:19]} 31. b4 {[%clk
0:08:03]} Qc7 {[%clk 0:04:02]} 32. bxc5 {[%clk 0:07:49]} dxc5+ {[%clk 0:04:27]}
33. g3 {[%clk 0:08:13]} g5 {[%clk 0:01:51]} 34. Bxc5+ {[%clk 0:06:47]} Kg8
{[%clk 0:02:20]} 35. Be3 {[%clk 0:07:05]} Kf8 {[%clk 0:02:11]} 36. Qb5 {[%clk
0:06:35]} 1-0